Statistiques concernant Les premiers pays ayant légalisé l'avortement

Cliquez ici pour prendre le quiz!

Statistiques générales

  • Ce quiz a été pris 681 fois
    (597 depuis la dernière actualisation)
  • Le résultat moyen est 8 sur 14

Statistiques - réponses

AnnéePays% Correct
1975France
96%
1974Suède
83%
1979Norvège
81%
1955Union Soviétique
80%
1978Italie
72%
1973Danemark
70%
1957Chine
68%
1975Autriche
52%
1977Yougoslavie
50%
1978Luxembourg
48%
1965Cuba
23%
1975Viêt Nam
22%
1974Singapour
10%
1973Tunisie
6%

Distribution des résultats

Percentile par nombre de réponses

% des personnes avec chaque résultat

Votre développement - résultats

Vous n’avez pas pris ce quiz depuis la dernière actualisation